000 00879nam0a22002531 4500
001 rc\140118
005 20250620204223.0
010 _a5-7405-0232-2
_91000
035 _a(NLR Aleph) 005411830
090 _a7382082
_c7382082
100 _a20030307d1995 |||y0rusy50 ca
101 0 _arus
102 _aRU
105 _aa |||||||||
200 1 _aЭркемен - человек ласковый
_e[О Э.М. Палкине
_fПослесл. В. Шатыгина]
210 _aБарнаул
_cАлт. кн. изд-во
_d1995
215 _a98, [2] с., [4] л. ил.
_cпортр.
_d20
320 _aБиблиогр. о жизни и творчестве Э.М. Палкина: с. 89-94
700 1 _aКаташ
_bС.С.
_f1925-
_gСергей Сергеевич
801 0 _aRU
_bNLR
_gpsbo
801 1 _aRU
_bELAR
_2rusmarc
852 _aNLR
_j96-4/9367
942 _cBOOK
980 _aNB